| 000 | 00907nam a22002417a 4500 | ||
|---|---|---|---|
| 003 | EG-ScBUE | ||
| 005 | 20221116024731.0 | ||
| 008 | 110908s1970 ua f b 000 0 ara d | ||
| 017 | _a1970 / 5687 | ||
| 040 |
_aEG-ScBUE _bara _erda _cEG-ScBUE _dEG-ScBUE |
||
| 043 | _ama----- | ||
| 082 | 0 | 4 |
_222 _a791.43 _bش ر ق |
| 100 | 1 |
_927065 _aالشرقاوي، جلال، _d1934- _eمؤلف. |
|
| 245 | 1 | 0 |
_aرسالة في تاريخ السينما العربية / _cتأليف جلال الشرقاوي. |
| 264 | 1 |
_aالقاهرة : _bوزارة الثقافة، _c1970. |
|
| 300 |
_a534 صفحة ؛ _c24 سم. |
||
| 490 | 0 |
_aالمكتبة العربية. _aالتأليف |
|
| 504 | _aيشتمل على إرجاعات ببليوجرافية. | ||
| 650 | 7 |
_99348 _aالسينما _xتاريخ _zالدول العربية. _2BUEsh |
|
| 653 |
_cSeptember2011 _bART |
||
| 655 | _vReading book | ||
| 942 |
_2ddc _cBB |
||
| 999 |
_c15975 _d15975 |
||